000 01074cam a22003377a 4500
001 000075843
003 CHAP
005 20220817043346.0
008 971013s1982 r 00010 d
010 _a73078
011 _a74050
035 _a83608
040 _cCHAP
090 _aFolleto 7924
100 0 0 _aCapraro Tuset, Héctor Mario.
_918731
245 1 0 _aNotas sobre la cuestión regional en la agricultura.
260 _aChapingo, Méx. :
_bUACH. Departamento de Sociología Rural,
_c1982?
300 _a55 p.
590 _aBATCH-UPD
_b10
_c20130110
_lUCH01
_h1643
590 _aBATCH-UPD
_b10
_c20130410
_lUCH01
_h1033
590 _aBATCH-UPD
_b10
_c20130914
_lUCH01
_h1823
590 _aCONVERSION
_b10
_c20130109
_lUCH01
_h1340
590 _aE5995AHE
_b05
_c20150204
_lUCH01
_h0919
590 _aE5995AHE
_b05
_c20150204
_lUCH01
_h0922
650 1 4 _aAgricultura
_xAspectos economicos
_zMexico.
_91312
650 1 4 _aMéxico
_xCondiciones económicas.
901 _aBK
942 _cFOLL
942 _n0
949 _aFolleto 7924
_bBC
_cUACH
_d-38262
_eUACH
_i83608
_mD
_si
999 _c73078
_d73078